| 000 | 00369nam a2200145Ia 4500 | ||
|---|---|---|---|
| 008 | 151213s9999 xx 000 0 und d | ||
| 100 | _aJawharlal Nehru | ||
| 245 |
_aGlimpses of World History _cJawharlal Nehru |
||
| 260 |
_aNew Dilhi _bPenguin Books _c2004 |
||
| 300 | _a3162 p. | ||
| 650 | _aEnglish | ||
| 650 | _aEnglish | ||
| 700 | _aJawharlal Nehru | ||
| 999 |
_c2187 _d2187 |
||